00893cam a22002894i 4500003000900000005001700009008004100026035001900067040003300086082002300119082001500142100002800157110004100185245007600226264008000302300002800382336002100410337002500431338002300456505005700479526000900536526000900545526000800554526000800562526000800570650002500578PE-LiUPU20250731183424.0150706s1921 xxua r 000 0 d a(Sirsi) a48016 aPE-LiUPUbspacPE-LiUPUerda04a783.9bI35192122104a783.9bM321 aMaxwell, E. L.,eautor.2 aPacific Press Publishing Association13aEl himnario adventista :bpara uso en el culto divino /cE. L. Maxwell. 1aMountain View, California :bPacific Press Publishing Association,c[1921]. a318 páginas ;c22 cm. atext2rdacontent aunmediated2rdamedia avolume2rdacarrier0 aHimnos para uso en el Culto Divino -- Himno 1 - 463. aP158 aP146 aP17 aP12 aP0604aHimnario Adventista.